Statistics for Top 10 Los Angeles Dodgers of All-Time

Click here to take the quiz!

General Stats

  • This quiz has been taken 2,138 times
    (168 since last reset)
  • The average score is 5 of 10

Answer Stats

WAR Years Position Player % Correct
69.62008–PClayton Kershaw
92%
61.71947–19562BJackie Robinson
86%
48.91955–1966PSandy Koufax
86%
68.21940–1942, 1946–1958SSPee Wee Reese
68%
67.11956–1969PDon Drysdale
58%
65.41947–1962OFDuke Snider
48%
48.81966–1980PDon Sutton
38%
54.61960–1973OFWillie Davis
17%
59.61909–1926OFZach Wheat
16%
59.01922–1932, 1935PDazzy Vance
12%

Score Distribution

Percentile by Number Answered

Percent of People with Each Score

Your Score History

You have not taken this quiz since the last reset